000 00526nam a22001217a 4500
040 _cRUA
100 _aYANN SOVANKONGKEA,យ៉ាន់ សុវណ្ណគង្គា
245 _aANAESTHESIA ON OVERECTOMY OF BITCH,ការប្រើប្រាស់ឱសថសណ្ដំលើការវះកាត់អូវែសុនខ
260 _aphnom penh
_bRUA
_c2019
300 _aX,36P,
_bILL,
_c29CM,
856 _uhttps://drive.google.com/file/d/1zSNkaIbGeRlFFog7sNC11A9zs4ogzEuc/view?usp=sharing
942 _cMNR
999 _c20271
_d20271